000 00571nam a22001937a 4500
999 _c169321
_d169321
005 20191114165714.0
010 _aENG-126906
020 _c399.00
_a9789388322331
035 _aEN-110438
037 _bDBAD/PUB
082 _aS
100 _aMagnolia
245 _aMouse invaders :
_cby Magnolia
_bthe exciting escapadas of arvee the mouse /
260 _aGurugram
_bHachette Book Publishing
_c2019
270 _a4th / 5th Floors, Corporate Centre, Plot No.94, Sector-44, Gurugram
_e122003
300 _a240p.
_c19cm(pbk)
700 _a
942 _2ddc
_cEN
_hS
_mMAN